A Jeanne - Victor Hugo (révision) - Statistiques

Statistiques générales
  • Ce quiz a été pris 6 fois
  • Le résultat moyen est 45 sur 116
Statistiques - réponses
Hint Réponse % Correct
Ce
75%
ce
75%
de
75%
se
75%
son
75%
sont
75%
à
50%
avec
50%
avoir
50%
bon
50%
bonne
50%
Ces
50%
ces
50%
dans
50%
des
50%
doux
50%
elle
50%
en
50%
est
50%
et
50%
faire
50%
fait
50%
il
50%
Jeanne
50%
les
50%
lieux
50%
ne
50%
5ème strophe O
50%
par
50%
purs
50%
que
50%
qui
50%
rire
50%
3ème strophe | 4ème strophe Tout
50%
un
50%
une
50%
âge
25%
autour
25%
battus
25%
beaux
25%
bénis
25%
bois
25%
bonheur
25%
C'est
25%
chanson
25%
cieux
25%
coeurs
25%
complètes
25%
désire
25%
devant
25%
douceur
25%
dresser
25%
éden
25%
errant
25%
existe
25%
fête
25%
foi
25%
front
25%
honneur
25%
humble
25%
2ème strophe l'aurore
25%
loin
25%
nids
25%
nimbe
25%
on
25%
petites
25%
quel
25%
qu'en
25%
regarder
25%
ressemble
25%
sachant
25%
sait
25%
Semble
25%
sentiers
25%
sous
25%
ta
25%
t'approche
25%
telle
25%
tes
25%
tête
25%
têtes
25%
t'offre
25%
toi
25%
ton
25%
toutes
25%
tu
25%
vallon
25%
vertus
25%
violettes
25%
voisinage
25%
Aucun quiz correspondant
Distribution des résultats
% des personnes avec chaque résultat
Percentile par nombre de réponses
Votre historique - résultats
Vous n’avez pas pris ce quiz